header

Promethean ambitions (Record no. 146755)

MARC details
000 -LEADER
fixed length control field 01258nam a2200325Ia 4500
082 04 - DEWEY DECIMAL CLASSIFICATION NUMBER
Classification number 509.024
100 1# - MAIN ENTRY--AUTHOR NAME
Personal name Newman, William Royall.
245 10 - TITLE STATEMENT
Title Promethean ambitions
260 ## - PUBLICATION, DISTRIBUTION, ETC. (IMPRINT)
Place of publication Chicago :
Name of publisher University of Chicago Press,
Year of publication 2004.
300 ## - PHYSICAL DESCRIPTION
Number of Pages xv, 333 p. :
Other physical details ill. (some col.)
650 #0 - SUBJECT ADDED ENTRY--TOPICAL TERM
Topical Term Science, Renaissance.
Topical Term Alchemy
Topical Term Arts, Renaissance.
856 40 - ELECTRONIC LOCATION AND ACCESS
Uniform Resource Identifier http://site.ebrary.com/lib/rucke/Doc?id=10433761

No items available.

© 2026 Rongo University
Contact us: librarian | system librarian | Rongo university